Vista normal
Vista MARC
Entrada Personal Name
Número de registros utilizados en: 1
001 - CONTROL NUMBER
- control field: 59734
003 - CONTROL NUMBER IDENTIFIER
- control field: Utea
005 - DATE AND TIME OF LATEST TRANSACTION
- control field: 20251009120950.0
008 - FIXED-LENGTH DATA ELEMENTS
- fixed length control field: 251009|| aca||aabn | a|a d
040 ## - CATALOGING SOURCE
- Original cataloging agency: Utea
- Transcribing agency: Utea
100 ## - HEADING--PERSONAL NAME
- Personal name: Solano Mendoza, Beatriz
670 ## - SOURCE DATA FOUND
- Source citation: Work cat.: (Utea)17451: Mendoza Mendoza, Asunción 59730, Odontopediatría / , 2017